[Event "1st League TCh-SCG"]
[Site "Budva SCG"]
[Date "2003.09.01"]
[Round "4"]
[White "Pikula,D"]
[Black "Pap,M"]
[Result "1-0"]
[WhiteElo "2489"]
[BlackElo "2441"]

1.e4 c5 2.Nf3 Nc6 3.Bb5 g6 4.Bxc6 dxc6 5.h3 Bg7 6.d3 b6 7.Nc3 e5 8.Be3 Ne7
9.Qd2 h6 10.Nh2 Be6 11.f4 exf4 12.Bxf4 g5 13.Bg3 f5 14.exf5 Nxf5 15.Bf2 Qd7
16.Nf3 O-O-O 17.a4 a5 18.O-O Rhg8 19.Rae1 Nh4 20.Bxh4 gxh4 21.Kh1 Bxc3 22.bxc3 Rg3
23.Ne5 Qg7 24.Rf3 Bd5 25.Rxg3 hxg3 26.Re3 Qg5 27.c4 Rf8 28.Qe2 Be6 29.Nf3 Rxf3
30.Qxf3 Bd7 31.Qf8+ Kc7 32.Qe7 Qg6 33.Qh4 Qf5 34.Qxg3+ Kb7 35.Qf3 Qg5 36.Kh2 h5
37.Qg3 Qf6 38.Qe5 Qh6  1-0

[Event "1st League TCh-SCG"]
[Site "Budva SCG"]
[Date "2003.09.02"]
[Round "5"]
[White "Ivanovic,B"]
[Black "Radovanovic,D"]
[Result "1-0"]
[WhiteElo "2512"]
[BlackElo "2319"]

1.e4 c5 2.Nf3 Nc6 3.Bb5 d6 4.O-O Bd7 5.Re1 a6 6.Bxc6 Bxc6 7.d4 cxd4 8.Nxd4 Bd7
9.Nc3 e6 10.Qd3 Nf6 11.Nb3 Qc7 12.Bf4 Nh5 13.Bg5 Nf6 14.a4 Be7 15.Rad1 Rd8
16.Re3 Bc6 17.Qe2 O-O 18.Rg3 Kh8 19.Nd4 Qb6 20.Rh3 Rc8 21.Bc1 Rfd8 22.b3 Qc5
23.Bb2 b5 24.axb5 axb5 25.Re3 b4 26.Nb1 Bb7 27.c4 Ra8 28.Nc2 e5 29.Nd2 Ra2
30.Rb1 Nd7 31.Nf3 Bc6 32.Nfe1 Qa5 33.Nd3 Rb8 34.Qe1 Bg5 35.Rg3 Bf4 36.Ncxb4 Bxg3
37.hxg3 Nc5 38.Nxa2 Qxa2 39.Nxc5 dxc5 40.Bxe5 Re8 41.Bc3 Bxe4 42.Rb2 Qa8
43.Re2 Bc6 44.Rxe8+ Qxe8 45.Qxe8+ Bxe8 46.Kf1 Bd7 47.Ke2 Kg8 48.Be5 f6 49.Bd6 Kf7
50.Bxc5 Bc6 51.f3 h5 52.b4 Ke6 53.Be3 g5 54.b5 Be8 55.Kd3 Ke5 56.Kc3 Kd6
57.Kd4 Bd7 58.c5+ Kc7 59.c6 Be8 60.Kc5 Bf7 61.b6+  1-0

[Event "TCh-CHN"]
[Site "Tianjing CHN"]
[Date "2003.09.02"]
[Round "3"]
[White "Peng Xiaomin"]
[Black "Wu Wenjin"]
[Result "1-0"]
[WhiteElo "2596"]
[BlackElo "2531"]

1.e4 c5 2.Nf3 Nc6 3.Bb5 e6 4.O-O Nge7 5.b3 a6 6.Bxc6 Nxc6 7.Bb2 b6 8.c4 Bb7
9.Re1 Qc7 10.d4 cxd4 11.Nxd4 Bd6 12.Nxc6 Bxc6 13.Qh5 O-O 14.Nd2 f6 15.Rad1 Qb7
16.Qh4 Rf7 17.Re3 b5 18.Rh3 h6 19.Qg4 Kh8 20.Nf3 Bb4 21.a3 Ba5 22.Qg6 Kg8
23.Rxh6 Bxe4 24.Rh8+ Kxh8 25.Qxf7 d6 26.Qxe6 bxc4 27.Qxc4 d5 28.Qa4 Bc2 29.Rc1 Qxb3
30.Qxa5 Qxb2 31.Qd2 Rc8 32.Ne1 Re8 33.Nd3  1-0

[Event "1st League TCh-SCG"]
[Site "Budva SCG"]
[Date "2003.09.03"]
[Round "6"]
[White "Lazic,Mi"]
[Black "Simic,R"]
[Result "1/2-1/2"]
[WhiteElo "2506"]
[BlackElo "2402"]

1.e4 c5 2.Nf3 Nc6 3.Bb5 g6 4.Bxc6 dxc6 5.d3 Bg7 6.h3 b6 7.Nc3 e5 8.Be3 Ne7
9.Qd2 h6 10.Nh2 Be6 11.O-O-O Qd7 12.f4 exf4 13.Bxf4 g5 14.Bg3 f5 15.exf5 Nxf5  1/2-1/2

[Event "1st League TCh-SCG w"]
[Site "Budva SCG"]
[Date "2003.09.03"]
[Round "6"]
[White "Peptan,C"]
[Black "Zozulia,A"]
[Result "1-0"]
[WhiteElo "2485"]
[BlackElo "2342"]

1.e4 c5 2.Nf3 Nc6 3.Bb5 d6 4.O-O Bd7 5.Re1 a6 6.Bf1 Bg4 7.d3 Nf6 8.Nbd2 e6
9.h3 Bh5 10.b3 Be7 11.Bb2 O-O 12.g4 Bg6 13.Bg2 Nd7 14.d4 Nxd4 15.Nxd4 cxd4
16.Bxd4 b5 17.Nf1 Nc5 18.f4 f6 19.f5 Bf7 20.Ne3 Rc8 21.Kh1 d5 22.Bxc5 Bxc5
23.fxe6 Bxe6 24.exd5 Bf7 25.Nf5 Bg6 26.Re6 Bxf5 27.gxf5 Bd6 28.Qe2 Qc7 29.Rd1 Rfd8
30.Be4 Qc5 31.Rg1 Qd4 32.Qg4 Rc7 33.Qh5 Rcc8 34.Qg4 Rc7 35.Qe2 Rc3 36.Bf3 Rcc8
37.Rxd6 Rxd6 38.Qe7 Qxg1+ 39.Kxg1 Rcd8 40.c4  1-0

[Event "Polish Extraleague"]
[Site "Lubniewice POL"]
[Date "2003.09.03"]
[Round "5"]
[White "Sendera,J"]
[Black "Jasik,K"]
[Result "1/2-1/2"]
[WhiteElo "2358"]
[BlackElo "2343"]

1.e4 c5 2.Nf3 Nc6 3.Bb5 d6 4.O-O Bd7 5.Re1 Nf6 6.h3 a6 7.Bf1 e5 8.c3 Be7
9.d4 O-O 10.d5 Na7 11.a4 h6 12.b4 Qc7 13.bxc5 Qxc5 14.Nxe5 Rfe8 15.Ba3 Qc7
16.Nxd7 Nxd7 17.Qb3 Rab8 18.Nd2 Bf8 19.a5 b5 20.axb6 Rxb6 21.Qc4 Qb8 22.Bb4 Ne5
23.Qa2 Nb5 24.Nc4 Nxc4 25.Bxc4 Qc8 26.Bxb5 axb5 27.Qa7 Rb8 28.Qd4 f5 29.Ra7 Re5
30.f4 Rxe4 31.Rxe4 fxe4 32.Qxe4 Rb7 33.Rxb7 Qxb7 34.Qe6+ Kh7 35.f5 Qa7+ 36.Kh2 Qf2
37.Bxd6 Bxd6+ 38.Qxd6 Qxf5 39.Qc5 Qe5+ 40.Kg1 Qe1+  1/2-1/2

[Event "1st Misr Closed"]
[Site "Cairo EGY"]
[Date "2003.09.04"]
[Round "5"]
[White "Ahmed,Es"]
[Black "Medvegy,Z"]
[Result "1/2-1/2"]
[WhiteElo "2403"]
[BlackElo "2498"]

1.e4 c5 2.Nf3 Nc6 3.Bb5 g6 4.O-O Bg7 5.Re1 Nf6 6.c3 O-O 7.h3 a6 8.Bf1 e5
9.d4 cxd4 10.cxd4 exd4 11.e5 Ne8 12.Bg5 Qc7 13.Na3 d6 14.exd6 Nxd6 15.Rc1 Re8
16.Rxe8+ Nxe8 17.Qd2 Be6 18.Nc4 Bxc4 19.Bxc4 Qd7 20.Bh6 Rd8 21.Qf4 Nd6 22.Bxg7 Kxg7
23.Nxd4 Nxc4 24.Nxc6 Qxc6 25.Rxc4  1/2-1/2

[Event "Polish Extraleague"]
[Site "Lubniewice POL"]
[Date "2003.09.04"]
[Round "6"]
[White "Pinkas,K"]
[Black "Pyda,Z"]
[Result "1/2-1/2"]
[WhiteElo "2370"]
[BlackElo "2326"]

1.e4 c5 2.Nf3 Nc6 3.Bb5 g6 4.Bxc6 dxc6 5.d3 Bg7 6.h3 Nf6 7.Nc3 Nd7 8.Be3 e5
9.Qd2 h6 10.Nh2 Qe7 11.O-O Nf8 12.f4 exf4 13.Rxf4 Be6 14.Rff1 Nd7 15.Nf3 Ne5
16.a4 a5 17.Rae1 b6 18.b3 O-O-O 19.Ne2 Kb7 20.Nf4 Bc8 21.Qf2 Nxf3+ 22.Qxf3 Bc3
23.Re2 Rdf8 24.Ref2 Bg7 25.Ne2 Be6  1/2-1/2

[Event "LXXVII ch-ARG"]
[Site "Tres de Febrero ARG"]
[Date "2003.09.04"]
[Round "2"]
[White "Fiorito,F"]
[Black "Aguila,G"]
[Result "1-0"]
[WhiteElo "2422"]
[BlackElo "2305"]

1.Nf3 c5 2.e4 Nc6 3.Bb5 g6 4.Bxc6 dxc6 5.d3 Bg7 6.Nc3 Nf6 7.h3 O-O 8.Be3 Nd7
9.Qd2 Qa5 10.Bh6 Rd8 11.h4 Bh8 12.h5 c4 13.hxg6 hxg6 14.Bg5 f6 15.Be3 Nf8
16.d4 Be6 17.Bh6 g5 18.Bxf8 Rxf8 19.Qe2 Bf7 20.e5 Bg6 21.Qxc4+ Kg7 22.O-O-O Bf7
23.Qd3 Bg6 24.Qe3 b5 25.Nxg5 fxg5 26.Qxg5 Qd8 27.Rh6 Qe8 28.Rdh1 Rg8 29.Rh7+ Kf8
30.Rxh8 Qf7 31.Rxg8+ Kxg8 32.f3 Rd8 33.Rh6 Kg7 34.Rxg6+  1-0

[Event "1st League TCh-SCG"]
[Site "Budva SCG"]
[Date "2003.09.05"]
[Round "7"]
[White "Perunovic,Mil"]
[Black "Popadic,Dr"]
[Result "1/2-1/2"]
[WhiteElo "2527"]
[BlackElo "2261"]

1.e4 c5 2.Nf3 Nc6 3.Bb5 e5 4.O-O d6 5.c3 Bd7 6.d4 Qc7 7.d5 Nb8 8.a4 Be7 9.Na3 Nf6
10.Qd3 Nh5 11.Nc4 a6 12.Bxd7+ Nxd7 13.Be3 O-O 14.Nfd2 Bf6 15.Rfc1 g6 16.b4 Nf4
17.Qf1 cxb4 18.cxb4 Rfc8 19.g3 b5 20.axb5 axb5 21.Rxa8 Rxa8 22.Bxf4 exf4
23.Na5 Qb6 24.Ndb3 fxg3 25.hxg3 Ne5 26.Kg2 Re8 27.Qe2 h5  1/2-1/2

[Event "56th ch-RUS"]
[Site "Krasnoyarsk RUS"]
[Date "2003.09.05"]
[Round "3"]
[White "Glek,I"]
[Black "Lependin,A"]
[Result "0-1"]
[WhiteElo "2566"]
[BlackElo "2393"]

1.e4 c5 2.Nf3 Nc6 3.Bb5 g6 4.O-O Bg7 5.c3 Nf6 6.Re1 O-O 7.e5 Nd5 8.d4 cxd4
9.cxd4 d6 10.Nc3 Nxc3 11.bxc3 Bg4 12.exd6 Qxd6 13.h3 Bxf3 14.Qxf3 e6 15.Bf4 Qd7
16.Bxc6 bxc6 17.Rab1 Rfc8 18.Rb3 Qd5 19.Reb1 h5 20.Qxd5 cxd5 21.Kf1 a5 22.Rb8 Raxb8
23.Rxb8 Rxb8 24.Bxb8 a4 25.Ke2 Kf8 26.Kd3 Ke7 27.c4 Kd7 28.c5 Kc6 29.Kc3 Kb5
30.g3 Bf6 31.Bc7 Bg5 32.h4 Be7 33.Kd3 Kc6 34.Bb8 f6 35.Kc3 Kb5 36.Bc7 g5
37.g4 gxh4 38.gxh5 Bf8 39.Bh2 e5 40.dxe5 fxe5 41.Bxe5 h3 42.Bh2 Kxc5 43.f3 d4+
44.Kd3 Kd5 45.f4 Bg7 46.Bg3 Kc5 47.Bh2 Kb4 48.h6 Bxh6 49.Kxd4 Ka3 50.Ke4 Kxa2
51.f5 Kb3 52.Kf3 a3 53.Be5 Kc4 54.Kg3 Kd5 55.Bc3 Bf4+  0-1

[Event "Polish Extraleague"]
[Site "Lubniewice POL"]
[Date "2003.09.05"]
[Round "7"]
[White "Socko,B"]
[Black "Dziuba,M"]
[Result "1-0"]
[WhiteElo "2551"]
[BlackElo "2450"]

1.e4 c5 2.Nf3 Nc6 3.Bb5 e6 4.O-O Nge7 5.Re1 a6 6.Bf1 d5 7.exd5 Nxd5 8.d4 cxd4
9.Nxd4 Bc5 10.Nxc6 bxc6 11.c4 Nf6 12.Qf3 Bb7 13.Nc3 O-O 14.Bg5 h6 15.Rad1 hxg5
16.Rxd8 Rfxd8 17.Rd1 g4 18.Qe2 Bd4 19.g3 c5 20.Bg2 Rab8 21.Bxb7 Rxb7 22.Rd2 Rdb8
23.Nd1 Rb4 24.Kg2 R4b6 25.b3 a5 26.Nb2 e5 27.Na4 Re6 28.Qe1 e4 29.Re2 Ra8
30.Nc3 Kf8 31.Nb5 Re7 32.a4 g6 33.Kf1 Kg7 34.Nc3 Rb8 35.Nb5 Ra8 36.Kg1 Ra6
37.Kh1 Ra8 38.Kg2 Ra6 39.Qd1 Be5 40.Qd8 Re8 41.Qd2 Re7 42.Qe3 Rc6 43.Rd2 Re8
44.Rd1 Kf8 45.Qd2 Ra6 46.Qh6+ Kg8 47.Kf1 Rae6 48.Qe3 Rc6 49.Kg1 Kg7 50.Kg2 Kg8
51.Qg5 Kg7 52.Qd2 Ra6 53.Qe3 Rc6 54.Qg5 Ra6 55.Rh1 Bd4 56.Nc7 Rae6 57.h3 gxh3+
58.Rxh3 Ng8 59.Qd2 e3 60.fxe3 Rxe3 61.Nxe8+ Rxe8 62.Rh1 Re3 63.Qxa5 Rxb3
64.Qa8 Rb2+ 65.Kf1 Rc2 66.a5 Rxc4 67.a6 Ra4 68.Rh4 Nh6 69.a7  1-0

[Event "TCh-CHN"]
[Site "Tianjing CHN"]
[Date "2003.09.05"]
[Round "6"]
[White "Zhang Zhong"]
[Black "Bu Xiangzhi"]
[Result "0-1"]
[WhiteElo "2658"]
[BlackElo "2588"]

1.e4 c5 2.Nf3 Nc6 3.Bb5 Qb6 4.Nc3 e6 5.O-O Nge7 6.Re1 a6 7.Bf1 Ng6 8.b3 Be7
9.Bb2 O-O 10.Ne2 d5 11.e5 d4 12.Ng3 Qc7 13.Qe2 Nb4 14.d3 b6 15.a3 Nd5 16.Nh5 Ngf4
17.Nxf4 Nxf4 18.Qe4 g5 19.Qxa8 Bb7 20.Qxf8+ Kxf8 21.c3 dxc3 22.Bxc3 Qc6 23.Re4 Qd7
24.Ree1 Qd5 25.Rab1 Nh3+ 26.Kh1 Nxf2+ 27.Kg1 Nh3+ 28.Kh1 g4 29.Nd2 Nf2+ 30.Kg1 Nxd3
31.Re4 Bg5 32.Re2 Nf4  0-1

[Event "LXXVII ch-ARG"]
[Site "Tres de Febrero ARG"]
[Date "2003.09.05"]
[Round "3"]
[White "Szmetan,J"]
[Black "Liascovich,L"]
[Result "1-0"]
[WhiteElo "2408"]
[BlackElo "2310"]

1.e4 c5 2.Nf3 Nc6 3.Bb5 d6 4.O-O Bd7 5.c3 Nf6 6.Re1 a6 7.Bxc6 Bxc6 8.d4 Bxe4
9.Bg5 Bxf3 10.Qxf3 e6 11.Bxf6 gxf6 12.d5 e5 13.Nd2 Be7 14.Ne4 Rg8 15.Ng3 Qd7
16.Re4 O-O-O 17.h4 Rg6 18.Nf5 Bf8 19.b4 Qc7 20.Rb1 Kb8 21.b5 Qa5 22.bxa6 Qxa6
23.Qd1 b6 24.Ra4 Qb7 25.Qb3 Rd7 26.f3 Be7 27.Qxb6  1-0

[Event "Polish Extraleague"]
[Site "Lubniewice POL"]
[Date "2003.09.06"]
[Round "8"]
[White "Sendera,J"]
[Black "Izbinski,B"]
[Result "1/2-1/2"]
[WhiteElo "2358"]
[BlackElo "2303"]

1.e4 c5 2.Nf3 Nc6 3.Bb5 g6 4.Bxc6 dxc6 5.d3 Bg7 6.h3 Nf6 7.Nc3 O-O 8.Be3 b6
9.Qd2 Re8 10.Bh6 Bh8 11.O-O Nd7 12.Nh2 e6 13.f4 Nf8 14.e5 f5 15.exf6 Qxf6
16.Rae1 Qd4+ 17.Kh1 Ba6 18.Re4 Qd6 19.Qe2 Nd7 20.Ng4 c4 21.dxc4 Nc5 22.Rd1 Qc7
23.Bg5 h5 24.Nf6+ Bxf6 25.Bxf6 Rf8 26.Be5 Nxe4 27.Qxe4 Qh7 28.Qxc6 Rac8 29.Qxe6+ Qf7
30.Rd6 Qxe6 31.Rxe6 Rf7 32.Ne4 Rxc4 33.Nf6+ Kg7 34.Ne4+ Kh6 35.Nd6 Rcxf4
36.Bxf4+ Rxf4 37.Kg1 Rf1+ 38.Kh2 Rf2 39.h4 Rxc2 40.Nf7+ Kg7 41.Ne5 Rxb2 42.Rxg6+ Kf8
43.Nc6 Rxa2 44.Nxa7 Bd3 45.Rf6+ Kg7 46.Rf3 Bc4 47.Nc8 b5 48.Nd6 Rd2 49.Nxc4 bxc4
50.Rf5 Kg6 51.Rg5+ Kh6 52.Rc5 Rd4 53.g3  1/2-1/2

[Event "1st League TCh-SCG w"]
[Site "Budva SCG"]
[Date "2003.09.08"]
[Round "10"]
[White "Peptan,C"]
[Black "Ivanisevic,Dusi"]
[Result "1-0"]
[WhiteElo "2485"]
[BlackElo "2097"]

1.e4 c5 2.Nf3 Nc6 3.Bb5 g6 4.Bxc6 dxc6 5.d3 Bg7 6.Nc3 Nh6 7.h3 f6 8.Be3 b6
9.d4 cxd4 10.Nxd4 Bd7 11.Qd2 Nf7 12.O-O-O e5 13.Nb3 Be6 14.Qe2 Qc7 15.h4 O-O
16.g4 Rfd8 17.Rdg1 a5 18.g5 f5 19.exf5 Bxf5 20.Nd2 Nd6 21.f3 b5 22.Nce4 Qf7
23.Kb1 a4 24.Nxd6 Rxd6 25.Ne4 Rd7 26.Bc5 Rad8 27.a3 Rd5 28.Bb4 Rd4 29.Bc3 R4d5
30.Qe3 R8d7 31.Qb6 Rc7 32.h5 gxh5 33.Nf6+ Bxf6 34.gxf6+ Bg6 35.Qb8+  1-0

[Event "1st League TCh-SCG"]
[Site "Budva SCG"]
[Date "2003.09.08"]
[Round "10"]
[White "Pikula,D"]
[Black "Nikac,P"]
[Result "1-0"]
[WhiteElo "2489"]
[BlackElo "2344"]

1.e4 c5 2.Nf3 Nc6 3.Bb5 g6 4.Bxc6 bxc6 5.O-O Bg7 6.c3 d6 7.h3 Nf6 8.Re1 O-O
9.d4 cxd4 10.cxd4 Rb8 11.Nc3 Qa5 12.Qc2 c5 13.e5 Nd7 14.Nd5 dxe5 15.Nxe7+ Kh8
16.Nc6 Qc7 17.Nxb8 Qxb8 18.dxe5 Nxe5 19.Nxe5 Bxe5 20.Qxc5 Bg7 21.Be3 Qxb2
22.Qxa7 Be6 23.a4 Qxa1 24.Rxa1 Bxa1 25.Bd4+ Bxd4 26.Qxd4+ Kg8 27.a5 Ra8 28.Qc5 h5
29.Qb5 Rd8 30.a6 Kf8 31.a7  1-0

[Event "FSIM September"]
[Site "Budapest HUN"]
[Date "2003.09.09"]
[Round "4"]
[White "Steiner,B"]
[Black "Gorgs,A"]
[Result "1-0"]
[WhiteElo "2245"]
[BlackElo "2188"]

1.e4 c5 2.Nf3 Nc6 3.Bb5 g6 4.Bxc6 bxc6 5.d3 Bg7 6.h3 Rb8 7.Nc3 d6 8.O-O e5
9.Rb1 Nf6 10.Be3 O-O 11.Qd2 Ne8 12.Nh2 Nc7 13.f4 exf4 14.Bxf4 Ne6 15.Bh6 Nd4
16.Bxg7 Kxg7 17.Rf2 Be6 18.Qf4 f6 19.b3 Qa5 20.Na4 Rbd8 21.Rbf1 Rd7 22.c3 Nb5
23.Nf3 Qd8 24.d4 cxd4 25.c4 Nc3 26.Nxd4  1-0

[Event "56th ch-RUS"]
[Site "Krasnoyarsk RUS"]
[Date "2003.09.09"]
[Round "6"]
[White "Ovetchkin,R"]
[Black "Saveljev,V"]
[Result "1-0"]
[WhiteElo "2519"]
[BlackElo "2333"]

1.e4 c5 2.Nf3 Nc6 3.Bb5 g6 4.Bxc6 dxc6 5.d3 Bg7 6.h3 e5 7.Be3 Qe7 8.Qd2 Nf6
9.Nc3 Nd7 10.O-O Nf8 11.Bh6 f6 12.Bxg7 Qxg7 13.Ne2 g5 14.Ng3 Ng6 15.Nh5 Qe7
16.Rfb1 g4 17.Nh2 gxh3 18.g3 O-O 19.g4 Kh8 20.Kh1 Rg8 21.Rg1 Nf8 22.f4 Ne6
23.Raf1 Bd7 24.g5 fxg5 25.f5 Be8 26.fxe6 Bxh5 27.Rf5 Qxe6 28.Qc3 Rae8 29.Qxc5 g4
30.Qf2 Bg6 31.Rf6 Qe7 32.Nxg4 Ref8 33.Rxf8 Rxf8 34.Qg3 Rf4 35.Ne3 b5 36.b4 Qf6
37.Nf5 Qf8 38.Nh4 Qf6 39.Nf5 Qf8  1-0

[Event "56th ch-RUS"]
[Site "Krasnoyarsk RUS"]
[Date "2003.09.10"]
[Round "7"]
[White "Beznosikov,V"]
[Black "Saveljev,V"]
[Result "1/2-1/2"]
[WhiteElo "2445"]
[BlackElo "2333"]

1.e4 c5 2.Nf3 Nc6 3.Bb5 g6 4.O-O Bg7 5.Re1 e5 6.Bxc6 dxc6 7.h3 Nh6 8.d3 Qe7
9.a4 f6 10.Be3 Nf7 11.Nc3 Nd8 12.a5 Ne6 13.Na4 O-O 14.c3 Kh8 15.Qe2 Rd8 16.Rad1 Rb8
17.b3 b5 18.axb6 axb6 19.d4 cxd4 20.cxd4 exd4 21.Nxd4 Nxd4 22.Bxd4 c5 23.Ba1 Be6
24.Rxd8+ Qxd8 25.Qe3 Qd7 26.Qf4 Qd8 27.Qe3 Qd6 28.Rc1 Rd8 29.Qf3 Qd2 30.Qc3 Qxc3
31.Bxc3 Bxb3 32.Nxb6 Rd6 33.Ba5 c4 34.Nd5 f5 35.Bb4 Rd7 36.f3 Bd4+ 37.Kf1 fxe4
38.fxe4 Rf7+ 39.Ke1 Kg7 40.Bc3 Bxc3+ 41.Rxc3 Ra7 42.Kf2 Ra2+ 43.Kf3 Bd1+
44.Kf4 Rxg2 45.Rxc4 Rf2+ 46.Kg3 Rf3+ 47.Kg2 Rf7 48.Kg3 Bb3 49.Rc3 Bxd5  1/2-1/2

[Event "TCh-CRO"]
[Site "Rabac CRO"]
[Date "2003.09.10"]
[Round "4"]
[White "Brkic,A"]
[Black "Jankovic,A"]
[Result "0-1"]
[WhiteElo "2419"]
[BlackElo "2373"]

1.e4 c5 2.Nf3 Nc6 3.Bb5 g6 4.Bxc6 dxc6 5.h3 e5 6.d3 f6 7.Be3 Nh6 8.Nc3 Be6
9.a4 a5 10.O-O Nf7 11.Nd2 b6 12.Qe2 Bd6 13.Kh1 O-O 14.f4 exf4 15.Bxf4 Bxf4
16.Rxf4 Ne5 17.Raf1 Kg7 18.Qf2 Ra7 19.Ne2 Raf7 20.Qg3 Bc8 21.b3 Qc7 22.Nc4 Nxc4
23.bxc4 Kg8 24.Kh2 Bd7 25.Rb1 f5 26.exf5 Bxf5 27.Rff1 Qd8 28.Ng1 Re7 29.Rf2 Qb8
30.Nf3 Re3 31.Qxb8 Rxb8 32.Nd2 h5 33.Nf1 Re5 34.Kg3 Kf7 35.h4 Ke7 36.Kf4 Kd6
37.Nd2 Rf8 38.Kg3 Ke7 39.Kf4 Bg4+ 40.Kxe5 Rxf2 41.Ne4 Rf5+  0-1

[Event "FSIM September"]
[Site "Budapest HUN"]
[Date "2003.09.13"]
[Round "8"]
[White "Webb,L"]
[Black "Gorgs,A"]
[Result "1-0"]
[WhiteElo "2325"]
[BlackElo "2188"]

1.e4 c5 2.Nf3 Nc6 3.Bb5 g6 4.O-O Bg7 5.Re1 Nf6 6.Nc3 O-O 7.d3 d6 8.h3 Nd7
9.Bg5 Nd4 10.Nxd4 cxd4 11.Nd5 f6 12.Bd2 e6 13.Nf4 Nb6 14.c3 a6 15.Bc4 Nxc4
16.dxc4 dxc3 17.Bxc3 Qc7 18.g3 Bh6 19.Qd3 a5 20.Bd2 Bxf4 21.Bxf4 e5 22.Bh6 Rf7
23.Rad1 Bxh3 24.Qxd6 Bg4 25.Rd5 Re8 26.b3 Be6 27.Qxc7 Rxc7 28.Rxa5 g5 29.f4 Kf7
30.fxg5 Kg6 31.Rf1 fxg5 32.Bf8 Bh3 33.Rf2 Rd8 34.Rxe5 Rf7 35.Rxf7 Kxf7 36.Bb4 Rd1+
37.Kh2 Be6 38.Rxg5 Ra1 39.Ra5 Rb1 40.Kg2 Bxc4 41.bxc4 Rxb4 42.Rb5 Rxc4 43.Rxb7+ Kg6
44.Kf3 Ra4 45.Rb2 Kg5 46.e5 Kf5 47.Re2 Ra3+ 48.Kg2 Ke6 49.Kh3 h5 50.Kh4 Rc3
51.Rg2 Kxe5 52.Kxh5 Rc5 53.Rf2 Ke6+ 54.Kg6 Rc3 55.g4  1-0

[Event "EYg16"]
[Site "Budva YUG"]
[Date "2003.09.13"]
[Round "1"]
[White "Mar,K"]
[Black "Bjeloglav,M"]
[Result "1-0"]
[WhiteElo "2203"]
[BlackElo "2019"]

1.e4 c5 2.Nf3 Nc6 3.Bb5 e6 4.c3 Nge7 5.O-O Ng6 6.d4 cxd4 7.cxd4 a6 8.Ba4 b5
9.Bc2 Bb7 10.Nc3 Qc7 11.Re1 Be7 12.Be3 O-O 13.Rc1 Rac8 14.Qd2 Qb8 15.d5 Nce5
16.Nxe5 Nxe5 17.Bb3 Bd6 18.h3 Nc4 19.Bxc4 Rxc4 20.b3 Rcc8 21.Ne2 Ba3 22.Rb1 Bc5
23.Bf4 Qa7 24.Bg3 f5 25.dxe6 dxe6 26.exf5 exf5 27.Rbd1 Rcd8 28.Qg5 Rxd1 29.Rxd1 Be4
30.Nc3 Be7 31.Qf4 Ba8 32.Nd5 Qb7 33.Qe5 Bf6 34.Nxf6+ gxf6 35.Qe6+ Rf7 36.f3 Qa7+
37.Kh2 Kg7 38.Qxf5 Qe7 39.Re1 Qd7 40.Qh5 Bc6 41.Bf4 Bb7 42.Qh4 Bc6 43.Bh6+ Kh8
44.Qg3 Qc7 45.Bf4 Qd7 46.Qh4 Kg7 47.Qh5 Bb7 48.Qc5 Bc6 49.Rc1 Bb7 50.Rc2 Qe7
51.Qh5 Qe6 52.Rd2 Qc8 53.Bh6+ Kg8 54.Rd4 Qc7+ 55.Kh1 Bc8 56.Qd5 Qd7 57.Qa8 Qc7
58.Qd5 Qd7 59.Qe4 Qc7 60.Qe8+  1-0

[Event "TCh-CRO"]
[Site "Rabac CRO"]
[Date "2003.09.13"]
[Round "7"]
[White "Jusic,Z"]
[Black "Kurajica,B"]
[Result "1/2-1/2"]
[WhiteElo "2412"]
[BlackElo "2558"]

1.e4 c5 2.Nf3 Nc6 3.Bb5 d6 4.c3 Nf6 5.Qe2 a6 6.Ba4 b5 7.Bc2 Bg4 8.d3 Bxf3
9.Qxf3 g6 10.O-O Bg7 11.Rd1 Rc8 12.Qe2 Nd7 13.Be3 b4 14.Bb3 bxc3 15.bxc3 O-O
16.Rc1 Qa5 17.Qc2 Nde5 18.Nd2 Nd4 19.Qd1 Nb5 20.f4 Nxc3 21.Rxc3 Qxc3 22.fxe5 Bxe5
23.Rc1 Qxd3 24.Bh6 Bg7 25.Bg5 Rc7 26.Qe1 h6 27.Bc4 Qa3 28.Bf4 Kh7 29.Rb1 Rd7
30.Rb6 Qc3 31.Rb3 Qf6 32.g3 a5 33.Kg2 e6 34.Rd3 Rfd8 35.Bb5 Rb7 36.Bc6 Rb6
37.Ba4 Qb2 38.Kh3 Qxa2 39.Bb3 Qa1 40.Qxa1 Bxa1 41.Nc4 Rb4 42.Bxd6 f6 43.Nxa5 Rxb3
44.Rxb3 Rxd6 45.Rb7+ Kg8 46.Rc7 h5 47.Nb3 Bd4 48.Kg2 Rb6 49.Nxc5 Rb2+ 50.Kh1 Bxc5
51.Rxc5 Re2 52.Rc4 g5 53.h3 Kg7 54.Kg1 Kg6 55.Ra4 h4 56.g4 Kf7 57.Rd4 Ke7
58.Kh1 Rc2 59.Kg1 Rc7 60.Kg2 Rd7 61.Rxd7+ Kxd7 62.Kf3 Kd6 63.Ke2 Kc6 64.Kd2 Kb5
65.Kc3 Kc5 66.Kd3 f5 67.exf5 exf5 68.gxf5 g4 69.Ke2 g3 70.Kf3 Kd5 71.Kg2 Ke5
72.Kf3 Kxf5 73.Kg2 Ke4 74.Kg1 Kf3 75.Kf1  1/2-1/2

[Event "zt 2.5"]
[Site "Asuncion PAR"]
[Date "2003.09.14"]
[Round "1"]
[White "Felgaer,R"]
[Black "Llorens,M"]
[Result "1-0"]
[WhiteElo "2551"]
[BlackElo "2374"]

1.e4 c5 2.Nf3 Nc6 3.Bb5 g6 4.Bxc6 dxc6 5.d3 Bg7 6.h3 e5 7.Be3 Qe7 8.Nbd2 Nf6
9.Nc4 Nd7 10.Qd2 O-O 11.a3 Rd8 12.O-O b6 13.b4 f6 14.Qc3 Ba6 15.Nfd2 f5 16.f3 f4
17.Bf2 Bb5 18.Rfb1 h5 19.a4 Ba6 20.bxc5 Nxc5 21.Na5 Ne6 22.Nab3 Nd4 23.Nxd4 exd4
24.Qxc6 Kh7 25.a5 Rac8 26.Qa4 b5 27.Qa2 Rc6 28.Rb2 g5 29.Rab1 Rdc8 30.e5 Qxe5
31.Re1 Qf5 32.Re4 Rg6 33.Bxd4 g4 34.hxg4 hxg4 35.Bxg7 gxf3 36.Nxf3 Qg4 37.Ne1 Bb7
38.Be5 Rf8 39.Rbb4 Bxe4 40.Rxe4 Qh4 41.Qd5  1-0

[Event "EYb16"]
[Site "Budva YUG"]
[Date "2003.09.14"]
[Round "2"]
[White "Djokic,V"]
[Black "Ris,R"]
[Result "0-1"]
[WhiteElo "2157"]
[BlackElo "2205"]

1.e4 c5 2.Nf3 Nc6 3.Bb5 g6 4.O-O Bg7 5.Re1 Nf6 6.c3 O-O 7.d4 d5 8.exd5 Nxd5
9.dxc5 Bg4 10.Bxc6 bxc6 11.h3 Bxf3 12.Qxf3 Qa5 13.Nd2 Qxc5 14.Nb3 Qd6 15.Be3 Rfe8
16.Rad1 Qc7 17.Bc5 e5 18.Ba3 Rad8 19.Nc5 a5 20.Ne4 f5 21.Nd6 Re6 22.Nb5 Qb8
23.Nd4 e4 24.Qe2 Bxd4 25.Rxd4 Rde8 26.Qd2 f4 27.Qd1 f3 28.gxf3 e3 29.Kg2 Nf4+
30.Rxf4 Qxf4 31.fxe3 Qg5+ 32.Kf2 Rxe3 33.Rxe3 Qxe3+ 34.Kg2 Qe2+ 35.Qxe2 Rxe2+
36.Kg3 Kf7 37.f4 Re3+ 38.Kg4 Kf6 39.Bc5 h5+ 40.Kh4 Re2 41.c4 Kf5 42.b4 axb4
43.Bxb4 Rxa2 44.Bd6 Ra4 45.c5 g5+ 46.Kxh5 Ra3 47.h4 g4 48.Be5 Rh3 49.Kh6 Rxh4+
50.Kg7 g3 51.Kf7 Rxf4  0-1

[Event "EYb18"]
[Site "Budva YUG"]
[Date "2003.09.16"]
[Round "4"]
[White "Rendle,T"]
[Black "Miljkovic,Mir"]
[Result "1/2-1/2"]
[WhiteElo "2240"]
[BlackElo "2414"]

1.e4 c5 2.Nf3 Nc6 3.Bb5 g6 4.O-O Bg7 5.Bxc6 dxc6 6.d3 Nf6 7.h3 O-O 8.Nc3 b6
9.Be3 Re8 10.a3 e5 11.b4 cxb4 12.axb4 Qc7 13.Qc1 Nh5 14.Ra4 Bd7 15.Qa3 a5
16.Qa2 Qd8 17.Qb2 c5 18.b5 Be6 19.Ng5 h6 20.Nxe6 fxe6 21.Qc1 Kh7 22.Qd1 Rf8
23.Qg4 Qd7 24.Ra2 Rab8 25.Rb2 Bf6 26.Rbb1 Rf7 27.Na4 Be7 28.Nb2 Bd6 29.Nc4 Bc7
30.Bd2 Qe7 31.g3 Rbf8 32.Bc3 Nf6 33.Qe2 Nd7  1/2-1/2

[Event "EYb16"]
[Site "Budva YUG"]
[Date "2003.09.16"]
[Round "4"]
[White "Valeanu,E"]
[Black "Czarnota,P"]
[Result "0-1"]
[WhiteElo "2222"]
[BlackElo "2353"]

1.e4 c5 2.Nf3 Nc6 3.Bb5 g6 4.Bxc6 dxc6 5.d3 Bg7 6.h3 Nf6 7.Nc3 O-O 8.Be3 b6
9.Qd2 Re8 10.Bh6 Bh8 11.O-O e5 12.Nh2 Nh5 13.Ne2 Be6 14.b3 a5 15.a4 Ra7 16.Rad1 Rd7
17.g4 Nf6 18.Qe3 Bg7 19.Bxg7 Kxg7 20.f4 exf4 21.Nxf4 h6 22.Rde1 Nh7 23.Nf3 Ng5
24.Nxg5 hxg5 25.Ne2 f6 26.Rf3 Rf7 27.Ng3 Qd4 28.Kg2 Qxe3 29.Rfxe3 b5 30.Ra1 Ra8
31.Ne2 Rd7 32.Nc3 c4 33.axb5 cxb5 34.b4 cxd3 35.Rxd3 Rxd3 36.cxd3 axb4 37.Rxa8 bxc3
38.Ra7+ Kh6 39.Kf2 c2 40.Ra1 b4 41.Ke2 b3  0-1

[Event "FSGM September"]
[Site "Budapest HUN"]
[Date "2003.09.17"]
[Round "12"]
[White "Szieberth,A"]
[Black "Nguyen Ngoc Truongson"]
[Result "1/2-1/2"]
[WhiteElo "2376"]
[BlackElo "2435"]

1.e4 c5 2.Nf3 Nc6 3.Bb5 g6 4.O-O Bg7 5.Re1 e5 6.c3 Nge7 7.d4 exd4 8.e5 a6
9.Bxc6 dxc6 10.cxd4 cxd4 11.Bg5 O-O 12.Nxd4 Qc7 13.Qe2 c5 14.Nf3 Bg4 15.Nbd2 Nc6
16.Qe3 Ne7 17.Rac1 b6 18.b4 Rac8 19.bxc5 bxc5 20.h3 Be6 21.Ne4 Nf5 22.Qa3 h6
23.Nxc5 Bd5 24.Ne6 Qd7 25.Nxg7 hxg5 26.Nxf5 Qxf5 27.Rxc8 Rxc8 28.Nd4 Qf4
29.Qe3 Bxa2 30.e6 fxe6 31.Nxe6 Qxe3 32.Rxe3 Re8 33.Nxg5 Rxe3 34.fxe3 a5 35.Ne4 a4
36.Nc3 Bb3 37.Nb1 Kf7 38.Kf2 Ke6 39.Ke2 Bc2 40.Nc3 Bb3 41.Kd3 a3 42.Nb5 Bd5
43.Nxa3 Bxg2 44.h4 Kf5 45.Nc4  1/2-1/2

[Event "Saipa Cup"]
[Site "Tehran IRI"]
[Date "2003.09.18"]
[Round "6"]
[White "Ardeshi,M"]
[Black "Ghorbani,M"]
[Result "1/2-1/2"]
[WhiteElo "2339"]
[BlackElo "2353"]

1.e4 c5 2.Nf3 Nc6 3.Bb5 g6 4.O-O Bg7 5.Nc3 Nh6 6.d3 O-O 7.h3 Nd4 8.Nxd4 cxd4
9.Ne2 e5 10.c3 dxc3 11.bxc3 f5 12.Bc4+ Kh8 13.f4 b5 14.Bd5 Bb7 15.fxe5 Qb6+
16.d4 fxe4 17.Bxb7 Qxb7 18.Ng3 d6 19.exd6 Qc6 20.Rxf8+ Rxf8 21.Qe1 b4 22.Bxh6 Bxh6
23.cxb4 Qxd6 24.Rd1 e3 25.d5 Kg8 26.a3 Re8 27.Ne2 Bg7 28.Qg3 Qa6 29.Qf3 Qd6
30.Qg3 Qxg3 31.Nxg3 e2 32.Re1 Bd4+ 33.Kh1 Re3 34.Nxe2 Be5 35.d6 Bxd6 36.Rd1 Be5
37.Rd2 Rxa3 38.Kg1 Bc7 39.Kf1 Bb6 40.Nf4 Be3 41.Rd8+ Kf7 42.Nd5 Bd4 43.Nc7 Be5
44.Rd7+ Kg8 45.b5 Rb3 46.Ke2 h5 47.Ne6 Rxb5 48.Rxa7 Rb3 49.Rd7 Rb6 50.Nc5 Rc6  1/2-1/2

[Event "zt 2.5"]
[Site "Asuncion PAR"]
[Date "2003.09.19"]
[Round "6"]
[White "Llorens,M"]
[Black "Gamarra,R"]
[Result "1-0"]
[WhiteElo "2374"]
[BlackElo "2080"]

1.e4 c5 2.Nf3 Nc6 3.Bb5 e6 4.O-O Nge7 5.Re1 a6 6.Bf1 d5 7.exd5 Nxd5 8.Nc3 Nxc3
9.bxc3 Be7 10.g3 O-O 11.Bg2 Bf6 12.Rb1 Qa5 13.a3 Rd8 14.Qe2 Qa4 15.d4 cxd4
16.cxd4 Bxd4 17.Qe4 h6 18.Be3 g5 19.Nxd4 Rxd4 20.Bxd4 Qxd4 21.Qxd4 Nxd4 22.Red1 Nxc2
23.Rd8+ Kg7 24.Rc1  1-0